UM Logo

Leaving to make a living: (Record no. 23474)

MARC details
000 -LEADER
fixed length control field 00659nam a22001577a 4500
005 - DATE AND TIME OF LATEST TRANSACTION
control field 20250217152755.0
008 - FIXED-LENGTH DATA ELEMENTS--GENERAL INFORMATION
fixed length control field 250217b |||||||| |||| 00| 0 eng d
082 ## - DEWEY DECIMAL CLASSIFICATION NUMBER
Edition number 2024
Classification number UT
100 ## - MAIN ENTRY--PERSONAL NAME
Personal name Santos, Dave Florenz Paul J.
9 (RLIN) 65415
245 ## - TITLE STATEMENT
Title Leaving to make a living:
Remainder of title The chronicles of struggles and triumphs of single-parent overseas Filipino workers (OFWs) /
Statement of responsibility, etc. Dave Florenz Paul J. Santos, and Dianne Grazielle U. Carillo
260 ## - PUBLICATION, DISTRIBUTION, ETC. (IMPRINT)
Place of publication, distribution, etc. Digos City :
Name of publisher, distributor, etc. UMDC,
Date of publication, distribution, etc. ©June 2024.
300 ## - PHYSICAL DESCRIPTION
Extent x, 145 pages :
Other physical details Illustration (some colors) ;
Dimensions 29 cm.
500 ## - GENERAL NOTE
General note Includes references and appendices.
700 ## - ADDED ENTRY--PERSONAL NAME
Personal name Carillo, Dianne Grazielle U.
9 (RLIN) 65416
942 ## - ADDED ENTRY ELEMENTS (KOHA)
Source of classification or shelving scheme Dewey Decimal Classification
Koha item type Undergraduate Thesis
Holdings
Withdrawn status Lost status Source of classification or shelving scheme Damaged status Not for loan Home library Current library Date acquired Total Checkouts Full call number Date last seen Price effective from Koha item type
    Dewey Decimal Classification     UM Digos College - LIC UM Digos College - LIC 05/10/2024   UT 02/17/2025 02/17/2025 Undergraduate Thesis